000 01657nam a2200121Ia 4500
008 220620s9999||||xx |||||||||||||| ||und||
100 _aVale, Zita||Faria, Pedro
245 0 _aDistributed Energy Resources Management 2018
546 _aEnglish[eng]
650 _an/a||virtual power plant||bidding strategy||local flexibility market||multi-period optimal power flow||flexibility service||occupant comfort||unbalanced networks||decentralized energy management system||autonomous control||optimization||energy storage||microgrids||energy efficiency||distributed energy||control system||DSM||optimal scheduling||adaptability||synergistic optimization strategy||teaching-learning||distributed generation||energy storage system||stackelberg dynamic game||IoT (Internet of Things)||supply and demand||comprehensive benefits||distributed generator||frequency bus-signaling||active distribution networks||swarm intelligence||wind||multi-agent technology||solar||power system management||fault-tolerant control||indoor environment quality||multi-temporal optimal power flow||multi-agent synergetic estimation||smart grids||local energy trading||active power control||prosumer||microgrid||trade agreements||healthy building||smart grid||nonlinear control||algorithm design and analysis||batteries||droop control||distributed energy resources||aggregator||multi-agent system||frequency control||particle swarm optimization||distribution system operator||building climate control||low voltage networks||demand Response||clustering||distributed coordination||demand-side management||demand response
856 _uhttps://www.mdpi.com/books/pdfview/book/1976
942 _cEB
999 _c26461
_d26461